000 07648nam a22006977a 4500
005 20110708122052.0
010 _aENG-102945 B-452099-137
020 _c264.00
_a9788190799423
035 _aEN-86478 B-452099-137
037 _bDBAD/PUB
037 _bVirtuous Pub/Ven
082 _a000
100 _aParashar, Abhijeet
_940539
245 _aLIC (Life Insurance Corporation of India) entrance exam :
_cby Abhijeet Prashar
_bsolved practice papers for the post of Assistant /
260 _aNoida
_bVirtuous Publications
_c2010
270 _aA-8 Hosiery Complex, Phase-II Extension
_bNoida
_e201305
300 2 _a284p.
_c24cm (pbk)
700 _929267
942 _2ddc
_cEN
_mPRA
_h000
999 _c53661
_d53661